| 000 | 00745cam a2200229 4500 | ||
|---|---|---|---|
| 001 | M84054 | ||
| 008 | 090401t1997 xxu||||| |||| 00| 0 eng d | ||
| 035 | _a(Sirsi) u78442 | ||
| 041 | _aeng | ||
| 050 | _a332.6324071 | ||
| 110 |
_aInvestment Property Forum _92112 |
||
| 245 | _aEducational research report to establish the nature and content of the Investment Property Forum`s future educational activities. | ||
| 260 |
_aLondon _bInvestment Property Forum _c1997 |
||
| 300 | _a47p. ; 30cm. | ||
| 350 | _a0 | ||
| 520 | _aReport prepared by Judith Cooper. | ||
| 650 | _aCAREERS, EDUCATION AND TRAINING | ||
| 650 | _aQUESTIONNAIRE | ||
| 690 | _aMANAGEMENT-BUSINESS MANAGEMENT-PROFESSIONAL PRACTICE | ||
| 942 | _n0 | ||
| 948 | _c20/05/1997 | ||
| 999 |
_c96454 _d96454 |
||